| 000 | 00890nam a2200313 a 4500 | ||
|---|---|---|---|
| 003 | AR-BaBNM | ||
| 005 | 20251128210322.0 | ||
| 008 | 082120s2002 ||||||||||||||000 | spa|| | ||
| 020 | _a87345-601-7 | ||
| 040 | _cAR-BaBNM | ||
| 100 | 1 | _aBailey, Larry J. | |
| 245 | 0 | 0 |
_aCareer education _bnew aproaches to human development |
| 250 | _a1ª ed. | ||
| 260 |
_aIllinois _bMcKnight _c1973 |
||
| 300 |
_a430 p. _btablas |
||
| 504 | _aContiene bibliografía al final de cada capítulo | ||
| 650 | 4 | _aEDUCACION Y DESARROLLO | |
| 650 | 4 | _aDESARROLLO HUMANO | |
| 650 | 4 | _aFORMACION PROFESIONAL | |
| 650 | 4 | _aCRISIS DE LA EDUCACION | |
| 650 | 4 | _aEDUCACION DE LA MUJER | |
| 650 | 4 | _aENSEÑANZA TECNICA | |
| 650 | 4 | _aPROGRAMAS DE FORMACION | |
| 653 | _aPLANEAMIENTO EDUCATIVO | ||
| 653 | _aORIENTACION VOCACIONAL | ||
| 700 | 1 | _aStadt, Ronald W. | |
| 942 | _cBK | ||
| 998 | _cRaquel | ||
| 999 |
_c14938 _d14938 |
||